000 00363nam a2200157Ia 4500
003 OSt
005 20240205103322.0
008 170523s9999 xx 000 0 und d
020 _a978-0256055474
040 _ciimt university meerut
100 _aCRAVENS- DAVID W
245 0 _aMARKETING MANAGEMENT
260 _bDELHI AITBS
260 _c1996
942 _2ddc
_c02
999 _c288
_d288